000 00345nam a2200133Ia 4500
005 20260328104331.0
008 260328s9999||||xx |||||||||||||| ||und||
100 _aEllsworth-Jones, Will
245 0 _aBansky :
_b the man behind the wall /
_cWill Ellsworth-Jones
260 _bFrances Lincoln
300 _a272 p.
650 _aARTE
942 _cBK
999 _c11695
_d11695